000 01764cam a22004814i 4500
003 PE-LiUPU
005 20250822091817.0
008 150616s1996 nyu rb 000 0 eng d
020 _a0824514564
035 _a(Sirsi) i9780824514563
040 _aPE-LiUPU
_bspa
_cPE-LiUPU
_erda
049 _aPRUA
082 0 4 _a230.201
_bD97
_221
100 1 _aDulles, Avery Robert,
_d1918-,
_eautor.
245 1 4 _aThe craft of theology; from symbol to system /
_cAvery Robert Dulles.
264 1 _aCrossroad, New York, NY :
_bThe Crossroad publishing company,
_c1996.
300 _a261 páginas ;
_c23 centímetros
336 _atext
_2rdacontent
337 _aunmediated
_2rdamedia
338 _avolume
_2rdacarrier
504 _aIncluye bibliografía.
505 0 _aToward a postcritical theology -- Theology and symbolic communication -- The problem of method -- Fundamnetal theology and the dynamics of conversion -- The uses of scripture in theology.
526 _aSEG42
526 _aSEG41
526 _aSEG40
526 _aSEG39
526 _aP94
526 _aP87
526 _aP86
526 _aP85
526 _aP77
526 _aP76
526 _aP35
610 0 _aIglesia Católica
_xDoctrinas.
_9508
650 0 4 _aTeología.
910 _ajck
_bjvq
_cjck
942 _2ddc
_cBOOK
949 _a230.201 D97
_wDEWEY
_c1
_i43681
_d2016-3-28
_e2016-2-22
_lCCODEBUL1
_mBUL
_n3
_r0
_sY
_tBOOK
_u2015-6-16
_xTEOLOGIA
_PP35
_0COMPRA
_o.STAFF. Colección Teología
994 _aC0
_bPEPRU
596 _a1
999 _a230.201 D97
_wDEWEY
_c149
_i43681
_d149
_e2016-2-22
_f2021-11-9
_g5
_lCCODEBUL1
_mBUL
_n3
_p20.00
_q1
_r0
_sY
_tBOOK
_u2015-6-16
_xTEOLOGIA
_PP35
_0COMPRA
_o.STAFF. Colección Teología
980 _818226
_gJaime Vilcazán Jefe de Análisis Documental